| 000 | 00517 a2200157 4500 | ||
|---|---|---|---|
| 999 |
_c145 _d145 |
||
| 020 | _a9781844805488 | ||
| 050 | _aHF5549 PRI 2007 | ||
| 100 |
_aPrice, Alan _eauthor |
||
| 245 |
_aHuman resource management in a business context / _cAlan Price |
||
| 264 |
_aBelmont : _bSouth-Western Cengage Learning, _c2007 |
||
| 300 |
_axxi, 648p. : _bill. |
||
| 500 | _aIncludes bibliographical references and index | ||
| 650 | _aHuman resources management | ||
| 650 | _aPersonnel management | ||
| 942 |
_2lcc _cBK _e3rd ed. _h5549 _iPRI _kHF |
||